[Event "Ljubljana-chT 75th"]
[Site "Ljubljana"]
[Date "2023.03.09"]
[Round "7.2"]
[White "Krumpak, Hinko"]
[Black "Sfiligoj, Anze"]
[Result "1-0"]
[WhiteElo "2043"]
[BlackElo "1688"]
[PlyCount "45"]
[EventDate "2023.01.12"]
[EventType "team-swiss"]
[EventRounds "9"]
[EventCountry "SLO"]
[SourceTitle "EXT 2024"]
[Source "ChessBase"]
[SourceDate "2023.10.10"]
[SourceVersion "1"]
[SourceVersionDate "2023.10.10"]
[SourceQuality "1"]
[WhiteTeam "Trzin Buscotrade"]
[BlackTeam "Ljubljana SK"]
[WhiteTeamCountry "SLO"]
[BlackTeamCountry "SLO"]

1. g3 d5 2. Bg2 Nf6 3. c4 e6 4. b3 Be7 5. Bb2 0-0 6. Nf3 c5 7. cxd5 exd5 8. d4 cxd4 9. 0-0 Nc6 10. Nxd4 a6 11. Nc3 Be6 12. Nxe6 fxe6 13. Bh3 d4 14. Bxe6+ Kh8 15. Nb1 Ne4 16. Nd2 Ng5 17. Bg4 Ne5 18. h4 Nxg4 19. hxg5 Qd5 20. Nf3 Bxg5 21. Qxd4 Qxd4 22. Bxd4 Rad8 23. Nxg5 1-0

[Event "Ljubljana-chT 75th"]
[Site "Ljubljana"]
[Date "2023.02.16"]
[Round "4.4"]
[White "Krumpak, Hinko"]
[Black "Demsar, Maks"]
[Result "1-0"]
[WhiteElo "2043"]
[BlackElo "1442"]
[PlyCount "107"]
[EventDate "2023.01.12"]
[EventType "team-swiss"]
[EventRounds "9"]
[EventCountry "SLO"]
[SourceTitle "EXT 2024"]
[Source "ChessBase"]
[SourceDate "2023.10.10"]
[SourceVersion "1"]
[SourceVersionDate "2023.10.10"]
[SourceQuality "1"]
[WhiteTeam "Trzin Buscotrade"]
[BlackTeam "Kranj Tomo Zupan"]
[WhiteTeamCountry "SLO"]
[BlackTeamCountry "SLO"]

1. c4 e5 2. Nc3 Nf6 3. g3 Bb4 4. Qc2 0-0 5. Bg2 Nc6 6. e3 Re8 7. Nge2 Bxc3 8. Nxc3 d6 9. 0-0 Rb8 10. a3 Be6 11. d3 d5 12. cxd5 Nxd5 13. b4 Nxc3 14. Qxc3 Bd5 15. Bb2 Bxg2 16. Kxg2 Qd5+ 17. Kg1 Rbd8 18. Rfd1 Re6 19. Rac1 f6 20. e4 Qd6 21. Qc4 Kf7 22. b5 Nd4 23. Bxd4 Qxd4 24. Qxd4 Rxd4 25. Rxc7+ Re7 26. Rc4 Red7 27. Rxd4 Rxd4 28. Kf1 Ke6 29. Ke2 Ra4 30. Rc1 Kd7 31. Rc3 Ra5 32. Rb3 Kc7 33. Ke3 Kb6 34. d4 exd4+ 35. Kxd4 Rxb5 36. Rxb5+ Kxb5 37. Kd5 Ka4 38. f4 Kxa3 39. e5 fxe5 40. fxe5 b5 41. e6 b4 42. e7 b3 43. e8Q a5 44. Qe1 a4 45. Qa1+ Kb4 46. Kd4 g6 47. Kd3 h6 48. Kd2 g5 49. Kc1 h5 50. Qe5 Ka3 51. Qxg5 Ka2 52. Qd5 Ka1 53. Qb5 a3 54. Qxb3 1-0

[Event "SLO-chT2 West"]
[Site "Komenda"]
[Date "2022.11.26"]
[Round "6.2"]
[White "Krumpak, Hinko"]
[Black "Mencinger, Vojko"]
[Result "0-1"]
[WhiteElo "2032"]
[BlackElo "2327"]
[PlyCount "62"]
[EventDate "2022.11.19"]
[EventType "team-tourn"]
[EventRounds "7"]
[EventCountry "SLO"]
[SourceTitle "EXT 2024"]
[Source "ChessBase"]
[SourceDate "2023.10.10"]
[SourceVersion "1"]
[SourceVersionDate "2023.10.10"]
[SourceQuality "1"]
[WhiteTeam "Trzin"]
[BlackTeam "Gorenjka Lesce"]
[WhiteTeamCountry "SLO"]
[BlackTeamCountry "SLO"]

1. g3 d5 2. Bg2 e5 3. c4 c6 4. cxd5 cxd5 5. Qb3 Nf6 6. Nc3 e4 7. d3 Na6 8. dxe4 Nc5 9. Qd1 Ncxe4 10. Be3 Nxc3 11. bxc3 Be7 12. Nf3 0-0 13. 0-0 Bf5 14. Qb3 Qd7 15. Ne5 Qe6 16. Nd3 Be4 17. Qxb7 Bxg2 18. Kxg2 Rfb8 19. Qc7 Bd6 20. Qa5 Ne4 21. Rab1 Rc8 22. Rfc1 h5 23. Rb5 Bc7 24. Nf4 Qe8 25. Qa4 Bxf4 26. gxf4 Nxc3 27. Rxc3 Rxc3 28. Ra5 Qxa4 29. Rxa4 Rc4 30. Rxa7 Rxa7 31. Bxa7 Rxf4 0-1

[Event "SLO-chT Central 23rd"]
[Site "Slovenia"]
[Date "2022.11.17"]
[Round "9.2"]
[White "Krumpak, Hinko"]
[Black "Mlacnik, Janez"]
[Result "1-0"]
[WhiteElo "2032"]
[BlackElo "1803"]
[PlyCount "91"]
[EventDate "2022.09.15"]
[EventType "team-swiss"]
[EventRounds "9"]
[EventCountry "SLO"]
[SourceTitle "EXT 2024"]
[Source "ChessBase"]
[SourceDate "2023.10.10"]
[SourceVersion "1"]
[SourceVersionDate "2023.10.10"]
[SourceQuality "1"]
[WhiteTeam "Trzin Buscotrade"]
[BlackTeam "Ljubljana Karel Jeraj"]
[WhiteTeamCountry "SLO"]
[BlackTeamCountry "SLO"]

1. c4 f5 2. g3 Nf6 3. Bg2 g6 4. d4 Bg7 5. Nc3 0-0 6. Nf3 d6 7. 0-0 Qe8 8. Qc2 e5 9. dxe5 dxe5 10. e4 c6 11. Bg5 h6 12. Be3 fxe4 13. Nd2 Bf5 14. Ndxe4 Nbd7 15. Nxf6+ Nxf6 16. Ne4 Nxe4 17. Bxe4 Qe6 18. Rfd1 b6 19. Rd2 Rad8 20. Rad1 Rxd2 21. Rxd2 Rf7 22. Rd8+ Kh7 23. Qd3 Bxe4 24. Qxe4 Rd7 25. Rxd7 Qxd7 26. Kg2 c5 27. g4 Bf6 28. Kg3 Qe7 29. h3 Bg5 30. Bxg5 hxg5 31. Kf3 Kg7 32. Ke3 Kf6 33. Qd5 Qc7 34. Ke4 Qe7 35. a3 a5 36. b3 Qc7 37. f3 Qe7 38. Qa8 Qd6 39. Qh8+ Ke6 40. Qg8+ Kf6 41. Qd5 Qc7 42. a4 Qb8 43. Qc6+ Kg7 44. Qd7+ Kf6 45. Kd5 Qa8+ 46. Qc6+ 1-0

[Event "SLO-chT 31st"]
[Site "Ljubljana"]
[Date "2021.09.24"]
[Round "7.3"]
[White "Zvan, Ziga"]
[Black "Krumpak, Hinko"]
[Result "1/2-1/2"]
[WhiteElo "2222"]
[BlackElo "1999"]
[PlyCount "107"]
[EventDate "2021.09.10"]
[EventType "team-tourn"]
[EventRounds "9"]
[EventCountry "SLO"]
[SourceTitle "CBM 204 Extra"]
[Source "ChessBase"]
[SourceDate "2021.11.30"]
[SourceVersion "1"]
[SourceVersionDate "2021.11.30"]
[SourceQuality "1"]
[WhiteTeam "Kranj Tomo Zupan"]
[BlackTeam "Trzin"]
[WhiteTeamCountry "SLO"]
[BlackTeamCountry "SLO"]

1. d4 g6 2. c4 Bg7 3. Nc3 d6 4. Nf3 e5 5. Bg5 f6 6. Bh4 exd4 7. Nxd4 Ne7 8. e3 Nbc6 9. Bg3 Nxd4 10. exd4 Bh6 11. h3 0-0 12. Be2 Nc6 13. 0-0 f5 14. d5 Ne5 15. f4 Nd7 16. Bf3 a5 17. Qc2 Nc5 18. Rae1 Bd7 19. Ne2 Qf6 20. Bf2 Bg7 21. Bd4 Qf7 22. Kh2 Rfe8 23. Qc3 Ne4 24. Qd3 Re7 25. Nc3 Nxc3 26. Qxc3 Bxd4 27. Qxd4 Qg7 28. Qd2 b6 29. Rxe7 Qxe7 30. Re1 Qf6 31. b3 Kf8 32. a3 Re8 33. Rxe8+ Kxe8 34. b4 axb4 35. axb4 h5 36. Qe3+ Kd8 37. c5 bxc5 38. bxc5 dxc5 39. Qxc5 h4 40. Qe3 Qd6 41. Kh1 Qf6 42. Qe1 Kc8 43. Qa5 Kd8 44. Qe1 Kc8 45. Kh2 Kd8 46. Qe3 Qd6 47. Qd4 Be8 48. Kh1 Qe7 49. Qa1 Qd6 50. Qd4 Qe7 51. Qf2 Bf7 52. Kh2 Qf6 53. Qc5 Qd6 54. Qd4 1/2-1/2

[Event "SLO-chT Central 22nd"]
[Site "Slovenia"]
[Date "2021.09.22"]
[Round "2.1"]
[White "Hribar, Janez"]
[Black "Krumpak, Hinko"]
[Result "0-1"]
[WhiteElo "1946"]
[BlackElo "1999"]
[PlyCount "80"]
[EventDate "2021.09.16"]
[EventType "team-tourn"]
[EventRounds "7"]
[EventCountry "SLO"]
[SourceTitle "EXT 2024"]
[Source "ChessBase"]
[SourceDate "2023.10.10"]
[SourceVersion "1"]
[SourceVersionDate "2023.10.10"]
[SourceQuality "1"]
[WhiteTeam "Crni Graben"]
[BlackTeam "Trzin Buscotrade"]
[WhiteTeamCountry "SLO"]
[BlackTeamCountry "SLO"]

1. c4 e5 2. Nc3 f5 3. g3 Nf6 4. Bg2 g6 5. d3 Bg7 6. e4 fxe4 7. dxe4 d6 8. Nge2 Nc6 9. Rb1 a5 10. 0-0 0-0 11. h3 Be6 12. Nd5 Nb4 13. a3 Na6 14. b4 axb4 15. axb4 c6 16. Ne3 Qd7 17. Kh2 Nc7 18. Qd3 d5 19. cxd5 cxd5 20. f3 dxe4 21. Qxd7 Bxd7 22. fxe4 Bb5 23. Rb2 Rfd8 24. Rf2 Bd3 25. Nc3 Rd4 26. Ned5 Nfxd5 27. exd5 Rc4 28. Rb3 e4 29. Bd2 Bxc3 30. Bxc3 Nxd5 31. Be1 Ra1 32. Bd2 Rd4 33. Bh6 Ra8 34. Ra3 Re8 35. Rd2 Nxb4 36. Be3 Rc4 37. Ra7 Rc7 38. Ra4 Nc2 39. Bb6 Rc6 40. Bg1 Ra6 0-1

[Event "SLO-chT Central 22nd"]
[Site "Slovenia"]
[Date "2021.09.16"]
[Round "1.1"]
[White "Krumpak, Hinko"]
[Black "Butala, Marjan"]
[Result "1/2-1/2"]
[WhiteElo "1999"]
[BlackElo "1870"]
[PlyCount "51"]
[EventDate "2021.09.16"]
[EventType "team-tourn"]
[EventRounds "7"]
[EventCountry "SLO"]
[SourceTitle "EXT 2024"]
[Source "ChessBase"]
[SourceDate "2023.10.10"]
[SourceVersion "1"]
[SourceVersionDate "2023.10.10"]
[SourceQuality "1"]
[WhiteTeam "Trzin Buscotrade"]
[BlackTeam "Ljubljana Karel Jeraj"]
[WhiteTeamCountry "SLO"]
[BlackTeamCountry "SLO"]

1. b3 e5 2. Bb2 Nc6 3. e3 Nf6 4. c4 d6 5. Nc3 Bf5 6. d3 g6 7. Nf3 Bg7 8. Be2 0-0 9. a3 Re8 10. e4 Bg4 11. 0-0 Bxf3 12. Bxf3 Nd4 13. g3 Nxf3+ 14. Qxf3 c6 15. Qg2 a5 16. b4 axb4 17. axb4 Rxa1 18. Rxa1 Qb6 19. Ra4 Bh6 20. Qf3 Nh5 21. Ne2 Bd2 22. Bc3 Bxc3 23. Nxc3 Qd4 24. Ra3 Kg7 25. Qe3 Qxe3 26. fxe3 1/2-1/2

[Event "SLO-chT Central 21st"]
[Site "Slovenia"]
[Date "2020.09.24"]
[Round "2.1"]
[White "Turek, Lan Timotej"]
[Black "Krumpak, Hinko"]
[Result "1/2-1/2"]
[WhiteElo "2026"]
[BlackElo "2054"]
[PlyCount "86"]
[EventDate "2020.09.17"]
[EventType "team-swiss"]
[EventRounds "5"]
[EventCountry "SLO"]
[SourceTitle "EXT 2024"]
[Source "ChessBase"]
[SourceDate "2023.10.10"]
[SourceVersion "1"]
[SourceVersionDate "2023.10.10"]
[SourceQuality "1"]
[WhiteTeam "Domzale SD"]
[BlackTeam "Trzin Buscotrade"]
[WhiteTeamCountry "SLO"]
[BlackTeamCountry "SLO"]

1. Nf3 d5 2. g3 g6 3. Bg2 Bg7 4. d3 e5 5. 0-0 Ne7 6. e4 dxe4 7. dxe4 Qxd1 8. Rxd1 Bg4 9. h3 Bxf3 10. Bxf3 Nbc6 11. c3 Rd8 12. Na3 Rxd1+ 13. Bxd1 a6 14. b4 b5 15. Bb3 0-0 16. Nc2 Rd8 17. Ne1 a5 18. a3 Ra8 19. Rb1 axb4 20. axb4 Nd8 21. Nd3 Ne6 22. Kf1 Kf8 23. Ke2 Ke8 24. Bb2 c6 25. Rd1 Nc8 26. f4 exf4 27. gxf4 Nd6 28. Kf3 Nc4 29. Bxc4 bxc4 30. Nc1 c5 31. bxc5 Nxc5 32. Ne2 Ra2 33. Bc1 Nxe4 34. Kxe4 Rxe2+ 35. Kd5 Rc2 36. Re1+ Kd7 37. Ba3 Bf6 38. Bb4 Rf2 39. Ra1 Rxf4 40. Ra7+ Ke8 41. Bd6 Rf3 42. Ra8+ Kd7 43. Ra7+ Ke8 1/2-1/2

[Event "Portoroz Nat Festival 30th"]
[Site "Portoroz"]
[Date "2020.09.07"]
[Round "7"]
[White "Krumpak, Hinko"]
[Black "Rozman, Roman"]
[Result "1/2-1/2"]
[WhiteElo "2054"]
[BlackElo "1728"]
[PlyCount "96"]
[EventDate "2020.09.03"]
[EventType "swiss"]
[EventRounds "9"]
[EventCountry "SLO"]
[SourceTitle "CBM 198 Extra"]
[Source "ChessBase"]
[SourceDate "2020.11.30"]
[SourceVersion "1"]
[SourceVersionDate "2020.11.30"]
[SourceQuality "1"]

1. Nf3 d5 2. g3 Nf6 3. Bg2 h6 4. c4 c6 5. d4 Bf5 6. cxd5 cxd5 7. Qb3 Qb6 8. Qxb6 axb6 9. Nc3 e6 10. 0-0 Be7 11. Nb5 Na6 12. Bf4 0-0 13. Nd6 Bxd6 14. Bxd6 Rfd8 15. Be7 Re8 16. Bxf6 gxf6 17. Rfc1 Rac8 18. a3 Rc6 19. Nd2 Rec8 20. Rxc6 Rxc6 21. e4 Rc2 22. Rd1 dxe4 23. Nxe4 Bxe4 24. Bxe4 Rxb2 25. Bxb7 Nc7 26. Rc1 Nb5 27. d5 Nxa3 28. d6 Rd2 29. Rc8+ Kg7 30. Rd8 b5 31. Bc6 b4 32. d7 b3 33. Rb8 b2 34. Rxb2 Rd1+ 35. Kg2 Nc4 36. Rb1 Rd2 37. Rb8 Ne5 38. d8Q Rxd8 39. Rxd8 Nxc6 40. Rd6 Ne7 41. f4 f5 42. Kf3 h5 43. Ke3 Ng8 44. Kd4 Nf6 45. Ra6 Ng4 46. Ra2 Nf6 47. Ke5 Ng4+ 48. Kd6 Nf6 1/2-1/2

[Event "Portoroz Nat Festival 30th"]
[Site "Portoroz"]
[Date "2020.09.06"]
[Round "6"]
[White "Lavrencic, Matic"]
[Black "Krumpak, Hinko"]
[Result "1/2-1/2"]
[WhiteElo "1924"]
[BlackElo "2054"]
[PlyCount "72"]
[EventDate "2020.09.03"]
[EventType "swiss"]
[EventRounds "9"]
[EventCountry "SLO"]
[SourceTitle "CBM 198 Extra"]
[Source "ChessBase"]
[SourceDate "2020.11.30"]
[SourceVersion "1"]
[SourceVersionDate "2020.11.30"]
[SourceQuality "1"]

1. e4 c6 2. d4 d5 3. e5 Bf5 4. Nf3 e6 5. Nbd2 c5 6. dxc5 Bxc5 7. Nb3 Bb6 8. Nbd4 Ne7 9. Nxf5 Nxf5 10. Bd3 Nh4 11. 0-0 Nc6 12. Re1 Nxf3+ 13. Qxf3 Qh4 14. c3 h5 15. Bf4 g5 16. Bg3 g4 17. Bxh4 gxf3 18. g3 Bd8 19. Bxd8 Rxd8 20. h4 Ke7 21. Bc2 d4 22. Rad1 dxc3 23. bxc3 Rd5 24. Rxd5 exd5 25. Bd1 Ke6 26. Bxf3 Nxe5 27. Bg2 Kf6 28. Bxd5 Rc8 29. Rb1 b6 30. Rb3 Rc5 31. c4 Kg6 32. Rb4 f5 33. Ra4 a5 34. Kf1 Nd3 35. Ra3 Nb4 36. Rb3 b5 1/2-1/2

[Event "Portoroz Nat Festival 30th"]
[Site "Portoroz"]
[Date "2020.09.03"]
[Round "1"]
[White "Drevensek, Gasper"]
[Black "Krumpak, Hinko"]
[Result "0-1"]
[WhiteElo "1467"]
[BlackElo "2054"]
[PlyCount "66"]
[EventDate "2020.09.03"]
[EventType "swiss"]
[EventRounds "9"]
[EventCountry "SLO"]
[SourceTitle "CBM 198 Extra"]
[Source "ChessBase"]
[SourceDate "2020.11.30"]
[SourceVersion "1"]
[SourceVersionDate "2020.11.30"]
[SourceQuality "1"]

1. e4 g6 2. d4 Bg7 3. Nc3 d6 4. Be3 a6 5. Qd2 b5 6. 0-0-0 Bb7 7. Be2 b4 8. Na4 Bxe4 9. f3 Bc6 10. Qxb4 Qd7 11. Nc3 a5 12. Qc4 e6 13. d5 exd5 14. Nxd5 Ne7 15. Nxe7 Qxe7 16. Bd4 Bh6+ 17. Kb1 0-0 18. h4 Qe6 19. Qc3 Bd5 20. h5 g5 21. a3 c5 22. Bf2 Nd7 23. Bd3 Bg7 24. Qd2 h6 25. Ne2 Nb6 26. Nc3 Bc4 27. Rhe1 Qf6 28. Re4 Bd5 29. Ree1 Rab8 30. Re3 Na4 31. Bb5 Rxb5 32. Nxa4 Rxb2+ 33. Kc1 Rb1+ 0-1

[Event "SLO-chT3 West"]
[Site "Komenda"]
[Date "2019.12.07"]
[Round "2.1"]
[White "Trivuncevic, Bosko"]
[Black "Krumpak, Hinko"]
[Result "0-1"]
[WhiteElo "1937"]
[BlackElo "2049"]
[PlyCount "146"]
[EventDate "2019.12.06"]
[EventType "team-swiss"]
[EventRounds "5"]
[EventCountry "SLO"]
[SourceTitle "EXT 2024"]
[Source "ChessBase"]
[SourceDate "2023.10.10"]
[SourceVersion "1"]
[SourceVersionDate "2023.10.10"]
[SourceQuality "1"]
[WhiteTeam "Loska Dolina"]
[BlackTeam "Visnja Gora Sticna"]
[WhiteTeamCountry "SLO"]
[BlackTeamCountry "SLO"]

1. e4 d6 2. d4 Nf6 3. Nc3 g6 4. Bg5 Bg7 5. Qd2 c6 6. Nf3 h6 7. Bh4 g5 8. Bg3 Nh5 9. Bc4 Nxg3 10. fxg3 e6 11. 0-0 d5 12. exd5 cxd5 13. Bb5+ Bd7 14. Qe2 Bxb5 15. Qxb5+ Qd7 16. Rae1 0-0 17. Ne5 Qxb5 18. Nxb5 Nc6 19. c3 a6 20. Nd6 Nxe5 21. dxe5 b6 22. c4 dxc4 23. Nxc4 b5 24. Nb6 Rad8 25. Rd1 Rfe8 26. Nd7 Rc8 27. Rf2 Re7 28. b4 Rc4 29. a3 Re4 30. Nf6+ Bxf6 31. exf6 Rc7 32. Rd6 Re1+ 33. Rf1 Re2 34. Kh1 Rcc2 35. Rg1 Rf2 36. Rxa6 Rxf6 37. Ra5 Rf5 38. a4 bxa4 39. Rxa4 Rb2 40. Ra8+ Kg7 41. Rb8 Rff2 42. Rb7 Kg6 43. Rb6 g4 44. Rb8 h5 45. b5 Rf5 46. b6 Rfb5 47. Rf1 Rb1 48. Kg1 Rxf1+ 49. Kxf1 Kf5 50. b7 Ke4 51. Ke2 Rb2+ 52. Kd1 Ke3 53. Rh8 Rxb7 54. Rxh5 Kf2 55. Rh4 Rd7+ 56. Kc2 Rd4 57. Kc3 e5 58. Rh5 f6 59. Rf5+ Kxg2 60. Rxf6 Kxh2 61. Rf5 Kxg3 62. Rxe5 Rd6 63. Rg5 Kf3 64. Rf5+ Kg2 65. Rg5 g3 66. Rg7 Kh2 67. Rh7+ Kg1 68. Rg7 g2 69. Rf7 Rh6 70. Kd2 Kh1 71. Rf6 Rh2 72. Ke1 g1Q+ 73. Rf1 Ra2 0-1

[Event "SLO-chT Central 20th"]
[Site "Slovenia"]
[Date "2019.10.10"]
[Round "5.1"]
[White "Juhant, Igor"]
[Black "Krumpak, Hinko"]
[Result "1/2-1/2"]
[WhiteElo "2000"]
[BlackElo "2051"]
[PlyCount "58"]
[EventDate "2019.09.12"]
[EventType "team-tourn"]
[EventRounds "7"]
[EventCountry "SLO"]
[SourceTitle "EXT 2024"]
[Source "ChessBase"]
[SourceDate "2023.10.10"]
[SourceVersion "1"]
[SourceVersionDate "2023.10.10"]
[SourceQuality "1"]
[WhiteTeam "Komenda Popotnik"]
[BlackTeam "Visnja Gora Sticna"]
[WhiteTeamCountry "SLO"]
[BlackTeamCountry "SLO"]

1. e4 d6 2. d4 Nf6 3. Nc3 g6 4. g3 Bg7 5. Bg2 Nbd7 6. Nge2 c5 7. 0-0 cxd4 8. Nxd4 0-0 9. Be3 Nc5 10. h3 Rb8 11. Qd2 a6 12. a4 Ne6 13. Rfd1 Nxd4 14. Bxd4 Be6 15. e5 Ne8 16. exd6 Nxd6 17. Bxg7 Kxg7 18. Nd5 Bxd5 19. Qxd5 Qc7 20. c3 Rbc8 21. Bf1 Qc5 22. Qf3 Rc7 23. Rd5 Qc6 24. Qd3 Rfc8 25. Qd4+ Kg8 26. h4 Nf5 27. Rd8+ Rxd8 28. Qxd8+ Kg7 29. Qd3 Rd7 1/2-1/2

[Event "Ljubljana-chT 72nd Superliga"]
[Site "Ljubljana"]
[Date "2019.03.14"]
[Round "7.1"]
[White "Lah, Emil"]
[Black "Krumpak, Hinko"]
[Result "0-1"]
[WhiteElo "1969"]
[BlackElo "2039"]
[PlyCount "102"]
[EventDate "2019.01.10"]
[EventType "team-tourn"]
[EventRounds "7"]
[EventCountry "SLO"]
[SourceTitle "EXT 2024"]
[Source "ChessBase"]
[SourceDate "2023.10.10"]
[SourceVersion "1"]
[SourceVersionDate "2023.10.10"]
[SourceQuality "1"]
[WhiteTeam "Trzin Buscotrade"]
[BlackTeam "Visnja Gora Sticna"]
[WhiteTeamCountry "SLO"]
[BlackTeamCountry "SLO"]

1. d4 d6 2. Nf3 f5 3. g3 Nf6 4. Bg2 g6 5. c4 Bg7 6. Nc3 0-0 7. 0-0 Qe8 8. b3 Ne4 9. Bb2 Nxc3 10. Bxc3 Nc6 11. Qd2 e5 12. d5 Nd8 13. a4 a5 14. Rad1 b6 15. e3 Nb7 16. Qb2 Nc5 17. Ne1 Ne4 18. Nc2 Qe7 19. Be1 Nc5 20. Na3 f4 21. exf4 exf4 22. Bc3 Bxc3 23. Qxc3 Bd7 24. Nb5 Bxb5 25. cxb5 Qg7 26. Qc4 Rae8 27. gxf4 Qf6 28. Rde1 Rxe1 29. Rxe1 Qxf4 30. Qxf4 Rxf4 31. Re7 Rf7 32. Re3 Kf8 33. Bf1 Re7 34. Rf3+ Rf7 35. Re3 Re7 36. Rf3+ Kg7 37. Bc4 Re1+ 38. Kg2 Ne4 39. Rd3 g5 40. h3 h5 41. Re3 Rxe3 42. fxe3 Kf6 43. Be2 h4 44. Bc4 Ke5 45. Kf3 Nf6 46. Bd3 Kxd5 47. Bc4+ Ke5 48. Bf7 d5 49. Bg6 Ne4 50. Bxe4 dxe4+ 51. Kg4 Kf6 0-1

[Event "Ljubljana-chT 72nd Superliga"]
[Site "Ljubljana"]
[Date "2019.03.07"]
[Round "6.1"]
[White "Krumpak, Hinko"]
[Black "Jelen, Igor"]
[Result "1/2-1/2"]
[WhiteElo "2039"]
[BlackElo "2333"]
[PlyCount "102"]
[EventDate "2019.01.10"]
[EventType "team-tourn"]
[EventRounds "7"]
[EventCountry "SLO"]
[SourceTitle "EXT 2024"]
[Source "ChessBase"]
[SourceDate "2023.10.10"]
[SourceVersion "1"]
[SourceVersionDate "2023.10.10"]
[SourceQuality "1"]
[WhiteTeam "Visnja Gora Sticna"]
[BlackTeam "Ig"]
[WhiteTeamCountry "SLO"]
[BlackTeamCountry "SLO"]

1. d4 Nf6 2. Nf3 g6 3. g3 Bg7 4. Bg2 0-0 5. 0-0 d5 6. c4 dxc4 7. Na3 c3 8. bxc3 c5 9. Qa4 Nd5 10. Bb2 Nc6 11. Rfd1 Nb6 12. Qc2 cxd4 13. Nxd4 Nxd4 14. cxd4 Bd7 15. Rdc1 Na4 16. Qb3 Qb6 17. Rab1 Nxb2 18. Qxb2 Bf5 19. e4 Qxb2 20. Rxb2 Rac8 21. Rbc2 Bd7 22. e5 b6 23. f4 Rxc2 24. Rxc2 Rc8 25. Rxc8+ Bxc8 26. Nb5 a6 27. Na7 Be6 28. a4 f6 29. Nc6 fxe5 30. dxe5 Bf8 31. Bf1 Bd7 32. Nb8 Bxa4 33. Nxa6 e6 34. Kf2 Kf7 35. Ke3 Ba3 36. Kd4 Ke7 37. Kc3 Bc1 38. Kd4 g5 39. fxg5 Bxg5 40. Nc7 Bc1 41. Nb5 Bb2+ 42. Ke4 Bc2+ 43. Kf4 Bc1+ 44. Kf3 Bb2 45. Kf4 Kd7 46. Nd6 Kc6 47. Bc4 Kd7 48. Bb5+ Kd8 49. Bc4 Kd7 50. Bb5+ Kd8 51. Bc4 Kd7 1/2-1/2

[Event "Ljubljana-chT 72nd Superliga"]
[Site "Ljubljana"]
[Date "2019.01.10"]
[Round "1.1"]
[White "Krumpak, Hinko"]
[Black "Plaskan, Jure"]
[Result "0-1"]
[WhiteElo "2039"]
[BlackElo "2240"]
[PlyCount "78"]
[EventDate "2019.01.10"]
[EventType "team-tourn"]
[EventRounds "7"]
[EventCountry "SLO"]
[SourceTitle "EXT 2024"]
[Source "ChessBase"]
[SourceDate "2023.10.10"]
[SourceVersion "1"]
[SourceVersionDate "2023.10.10"]
[SourceQuality "1"]
[WhiteTeam "Visnja Gora Sticna"]
[BlackTeam "Domzale Tajfun"]
[WhiteTeamCountry "SLO"]
[BlackTeamCountry "SLO"]

1. g3 Nf6 2. Bg2 c5 3. c4 d5 4. cxd5 Nxd5 5. Nc3 Nc7 6. Qa4+ Bd7 7. Qc4 Bc6 8. Bxc6+ Nxc6 9. Qxc5 Nd4 10. Kf1 h5 11. h4 Rh6 12. Kg2 Rf6 13. Qxh5 Qd7 14. d3 Rf5 15. Qh7 Nc2 16. Rb1 Ne1+ 17. Kf1 Nxd3 18. Be3 Nd5 19. Nxd5 Qxd5 20. Nf3 Qe4 21. Kg2 Ne5 22. Rbd1 Nxf3 23. exf3 Qxf3+ 24. Kh3 Rd5 25. Qc2 Rad8 26. Rc1 e6 27. Qa4+ b5 28. Qxa7 Bd6 29. Rhg1 Rh5 30. Bg5 Qf5+ 31. Kg2 Qd5+ 32. Kh3 Qxg5 33. Qb7 Qf5+ 34. Kg2 Qd5+ 35. Qxd5 Rxd5 36. Rc2 Be5 37. Re1 Bf6 38. Ree2 b4 39. a3 b3 0-1

[Event "SLO-chT3 West"]
[Site "Komenda"]
[Date "2018.12.07"]
[Round "1.1"]
[White "Krumpak, Hinko"]
[Black "Groselj, Petra"]
[Result "1/2-1/2"]
[WhiteElo "2039"]
[BlackElo "1949"]
[PlyCount "79"]
[EventDate "2018.12.07"]
[EventType "team-tourn"]
[EventRounds "5"]
[EventCountry "SLO"]
[SourceTitle "EXT 2020"]
[Source "ChessBase"]
[SourceDate "2019.10.17"]
[SourceVersion "1"]
[SourceVersionDate "2019.10.17"]
[SourceQuality "1"]
[WhiteTeam "Visnja Gora Sticna"]
[BlackTeam "Domzale Tajfun"]
[WhiteTeamCountry "SLO"]
[BlackTeamCountry "SLO"]

1. g3 g6 2. Bg2 Bg7 3. e4 d6 4. d4 Nf6 5. Ne2 0-0 6. 0-0 Nbd7 7. Nbc3 c5 8. h3 Rb8 9. a4 b6 10. Be3 Bb7 11. d5 Ne5 12. b3 a6 13. Qd2 Ba8 14. Bh6 b5 15. Bxg7 Kxg7 16. axb5 axb5 17. f4 Ned7 18. Qe3 Nb6 19. g4 b4 20. g5 bxc3 21. gxf6+ exf6 22. Nxc3 Re8 23. Qg3 Nd7 24. Ra7 Bb7 25. Na4 Qc7 26. c4 Ra8 27. Rxa8 Rxa8 28. Nc3 Qb6 29. Na4 Qc7 30. Nc3 Qa5 31. Nb5 Qb6 32. Qc3 Ba6 33. Ra1 Rb8 34. Ra5 Bxb5 35. Rxb5 Qc7 36. Rxb8 Qxb8 37. h4 Qb4 38. Qe3 Qa3 39. Qc3 Qb4 40. Qe3 1/2-1/2

[Event "SLO-chT Central 19th"]
[Site "Slovenia"]
[Date "2018.09.20"]
[Round "2.1"]
[White "Krumpak, Hinko"]
[Black "Gantar, Jan"]
[Result "1/2-1/2"]
[WhiteElo "2050"]
[BlackElo "2164"]
[PlyCount "42"]
[EventDate "2018.09.13"]
[EventType "team-tourn"]
[EventRounds "7"]
[EventCountry "SLO"]
[SourceTitle "EXT 2021"]
[Source "ChessBase"]
[SourceDate "2020.10.23"]
[SourceVersion "1"]
[SourceVersionDate "2020.10.23"]
[SourceQuality "1"]
[WhiteTeam "Visnja Gora Sticna"]
[BlackTeam "Komenda Popotnik"]
[WhiteTeamCountry "SLO"]
[BlackTeamCountry "SLO"]

1. g3 Nf6 2. Bg2 g6 3. b3 Bg7 4. Bb2 0-0 5. Nf3 c5 6. c4 Nc6 7. 0-0 d6 8. d4 cxd4 9. Nxd4 Bd7 10. Nc3 Nxd4 11. Qxd4 Bc6 12. Nd5 Nh5 13. Qd2 Bxb2 14. Qxb2 e6 15. Nc3 Bxg2 16. Kxg2 Qc7 17. e4 Qc6 18. f3 f5 19. Qd2 Rad8 20. Rae1 f4 21. g4 Ng7 1/2-1/2

[Event "SLO-ch 28th"]
[Site "Ljubljana"]
[Date "2018.05.03"]
[Round "8"]
[White "Krumpak, Hinko"]
[Black "Kuhar, Larisa"]
[Result "1/2-1/2"]
[WhiteElo "2084"]
[BlackElo "1799"]
[PlyCount "85"]
[EventDate "2018.04.27"]
[EventType "swiss"]
[EventRounds "9"]
[EventCountry "SLO"]
[SourceTitle "CBM 184 Extra"]
[Source "ChessBase"]
[SourceDate "2018.06.28"]
[SourceVersion "1"]
[SourceVersionDate "2018.06.28"]
[SourceQuality "1"]

1. Nf3 c5 2. g3 b6 3. Bg2 Bb7 4. 0-0 Nf6 5. c4 e6 6. Nc3 Be7 7. d4 cxd4 8. Qxd4 d6 9. Rd1 a6 10. e4 Nbd7 11. b3 Qc7 12. Ba3 Nc5 13. e5 dxe5 14. Qxe5 Qxe5 15. Nxe5 Bxg2 16. Kxg2 Rc8 17. Bb2 Rc7 18. Nd3 Nxd3 19. Rxd3 0-0 20. Rad1 h6 21. f3 Rfc8 22. a4 Kh7 23. Bc1 Rc6 24. Bf4 Bb4 25. Ne2 Nh5 26. Be5 f6 27. Bc3 Bxc3 28. Nxc3 f5 29. Rd7 Nf6 30. Ra7 a5 31. Re7 Re8 32. Rxe8 Nxe8 33. Nb5 Nf6 34. Kf2 Kg6 35. Ke3 Kf7 36. Rd8 Ke7 37. Ra8 Rc5 38. Ra7+ Kf8 39. Nd6 Rc6 40. Ra8+ Ke7 41. Nb5 Nd7 42. Ra7 Ke8 43. Ra8+ 1/2-1/2